Television & cable factbook.

Bibliographic Details
Previous Title:Television factbook
Format: Serial
Language:English
Published: Washington, D.C. : Television Digest, Inc., [1982-]
Subjects:
Online Availability: Check for online availability

MARC

Tag First Indicator Second Indicator Subfields
LEADER 00000cas a2200000 i 4500
001 in00000097034
005 20181023165034.0
008 820524d19832018dcuar r 0 a0eng c
010 |a  83647864   |z sc 83008353   |z sn 82003850  
035 |a (OCoLC)ocm08456263 
040 |a NSD  |b eng  |c NSD  |d IXA  |d NSD  |d NST  |d HUL  |d DLC  |d NST  |d DLC  |d NSD  |d NST  |d DLC  |d NST  |d IUL  |d NST  |d DLC  |d NST  |d NSD  |d WAU  |d NST  |d IUL  |d OCL  |d DLC  |d FUG  |d DLC  |d NSD  |d DLC  |d OCLCQ  |d IUL  |d LVB  |d DLC  |d IUL  |d DLC  |d NSD  |d CPE  |d HUL  |d OCLCQ  |d INU  |d UMC  |d UKMGB  |d GH0  |d OCLCQ  |d OCLCF  |d YDXCP  |d OCLCQ  |d YDX  |d HUL  |d UBY  |d HCO 
016 7 |a 011133858  |2 Uk 
019 |a 26271924  |a 499928338 
022 0 |a 0732-8648  |l 0732-8648  |z 0741-188X  |2 1 
029 1 |a AU@  |b 000003096123 
035 |a (OCoLC)8456263  |z (OCoLC)26271924  |z (OCoLC)499928338 
037 |b Television Digest, Inc., 1836 Jefferson Pl., N.W., Washington, DC 20036 
042 |a nsdp  |a pcc 
043 |a n-us--- 
050 0 0 |a TK6540  |b .T453 
082 0 4 |a 384.55/025/73  |2 19 
049 |a TXAM 
222 0 |a Television & cable factbook 
245 0 0 |a Television & cable factbook. 
246 3 0 |a Television and cable fact book 
246 3 0 |a T.V. and cable factbook 
246 3 0 |a T.V. & cable factbook 
246 1 7 |a TV & cable factbook 
264 1 |a Washington, D.C. :  |b Television Digest, Inc.,  |c [1982-] 
264 4 |c ©1982- 
300 |a volumes :  |b illustrations ;  |c 28 cm 
310 |a Annual 
336 |a text  |b txt  |2 rdacontent 
337 |a unmediated  |b n  |2 rdamedia 
338 |a volume  |b nc  |2 rdacarrier 
362 0 |a Began with No. 51 (1982-83 ed.); ceased with 2018 
500 |a Vols. for 1988-1999 published by Warren Publishing, inc.; 2000- by Warren Communications News. 
500 |a Title from cover. 
515 |a Issued 1983-1992 in two parts: Stations; Cable & services (the latter in 2 sections, 1990-1992). 
515 |a Issued 1993-2001 in three parts: Stations (in 2 vols., 2000-2001); Cable (in 2 vols., 2000-2001); Services. 
515 |a Issued 2002- in two parts: Stations (in 2 vols.); Cable (in 2 vols.). 
515 |a Vols. for <2007-> carry both v. and no. designation. 
530 |a Also issued in a CD-ROM version. 
580 |a Supplemented by: Weekly cable action update, 1982-<1991?>; Weekly television action update, 1982-1991; Television & cable update, Jan.-Aug. 10, 1992; Television & cable action update, Aug. 12, 1992- ; Cable statistics book, 1993- ; Personal contacts, TV stations & cable systems, 1993- ; TV & cable sales reps & interconnects, 1993- : Pay-per-view book, 1993- ; Handy pocket directory of television stations in operation, <1983-> 
588 |a Latest issue consulted: 2018. 
650 0 |a Cable television  |z United States  |v Directories. 
650 0 |a Television stations  |z United States  |v Directories. 
650 7 |a Cable television.  |2 fast  |0 (OCoLC)fst00843586 
650 7 |a Television stations.  |2 fast  |0 (OCoLC)fst01147103 
651 7 |a United States.  |2 fast  |0 (OCoLC)fst01204155 
655 7 |a Directories.  |2 fast  |0 (OCoLC)fst01423796 
655 7 |a Directories.  |2 lcgft 
770 1 |t Weekly cable action update  |g 1982-<1991?>  |w (DLC) 86649530  |w (OCoLC)8903759 
770 1 |t Weekly television action update  |g 1982-1991  |w (DLC)sn 83012195  |w (OCoLC)8899749 
770 1 |t Television & cable update  |x 1061-5741  |g Jan.-Aug. 10, 1992  |w (DLC)sn 92003177  |w (OCoLC)25279732 
770 1 |t Television & cable action update  |g Aug. 12, 1992-  |w (DLC)sn 93026195  |w (OCoLC)26969372 
770 1 |t Cable statistics book  |x 1076-6499  |g 1993-  |w (DLC) 93657494  |w (OCoLC)29180301 
770 1 |t Personal contacts, TV stations & cable systems  |x 1076-6642  |g 1993-  |w (DLC) 94657480  |w (OCoLC)29983229 
770 1 |t TV & cable sales reps & interconnects  |x 1076-6626  |g 1993-  |w (DLC) 94641937  |w (OCoLC)29236354 
770 1 |t Pay-per-view book  |x 1076-6634  |g 1993-  |w (DLC) 94658561  |w (OCoLC)29236553 
770 1 |t Handy pocket directory of television stations in operation  |x 1946-6781  |g <1983->  |w (DLC)sn 84044747  |w (OCoLC)11451717 
776 1 |t Television cable factbook (CD-ROM)  |x 1521-8503  |w (DLC) 98645033  |w (OCoLC)39874478 
776 0 8 |i Online version:  |t Television & cable factbook  |w (OCoLC)560992830 
776 0 8 |i Online version:  |t Television & cable factbook  |w (OCoLC)607707703 
780 0 0 |t Television factbook  |x 0082-268X  |w (DLC)sc 76000346  |w (OCoLC)2067704 
850 |a AAP  |a AU  |a AzU  |a CSt  |a CU  |a CU-A  |a CU-I  |a CU-S  |a CaAEU  |a CaBVa  |a CaOLU  |a CaOTU  |a CaQMU  |a CoFS  |a CoU  |a CtW  |a CtY-SSE  |a DGW  |a DLC  |a DeU  |a GASU  |a GEU  |a FU  |a IC  |a ICU  |a ICarbS  |a IEN  |a INS  |a IU  |a IaU  |a In  |a InLP  |a InU  |a KMK  |a KU  |a KyU  |a LU  |a MBU  |a MCM  |a MH-BA  |a MdU  |a MiD  |a MiDW  |a MiEM  |a MiU  |a MnU  |a MoKU  |a MoU  |a N  |a NBC  |a NCH  |a NIC  |a NN  |a NNC  |a NNC-L  |a NRU  |a NSyU  |a NcD  |a NcRS  |a NcU  |a NdU  |a NjP  |a NjR  |a NmU  |a NvU  |a OC  |a OCU  |a OU  |a OrU  |a PPD  |a PSt  |a PU  |a TU  |a TxCM  |a TxDaM  |a TxLT  |a TxU  |a ULA  |a UPB  |a UU  |a ViBlbV  |a ViW  |a WaU  |a WvU 
938 |a YBP Library Services  |b YANK  |n 13123938 
938 |a YBP Library Services  |b YANK  |n 12069880 
938 |a YBP Library Services  |b YANK  |n 12698775 
994 |a C0  |b TXA 
949 |a updated  |b h  |c 2018/10/23  |e coplinger  |f 4:50:24 pm 
999 f f |s d9ab3670-dd0b-3ff7-8fe8-ebe4c8ec9723  |i 772332fa-4018-3a8c-96f6-fef5680a9f0c  |t 0 
952 f f |p ric  |a Texas A&M University  |b Rellis Campus  |c Joint Library Facility  |d Remote Storage  |t 0  |e TK6540 .T453  |h Library of Congress classification  |i unmediated -- volume  |k no.69:v.1:Cable  |l 2001  |m A14827209070 
952 f f |p ric  |a Texas A&M University  |b Rellis Campus  |c Joint Library Facility  |d Remote Storage  |t 0  |e TK6540 .T453  |h Library of Congress classification  |i unmediated -- volume  |k no.61:Stations  |l 1993  |m A14816768833 
952 f f |p ric  |a Texas A&M University  |b Rellis Campus  |c Joint Library Facility  |d Remote Storage  |t 0  |e TK6540 .T453  |h Library of Congress classification  |i unmediated -- volume  |k no.64:Services  |l 1996  |m A14819805278 
952 f f |p ric  |a Texas A&M University  |b Rellis Campus  |c Joint Library Facility  |d Remote Storage  |t 0  |e TK6540 .T453  |h Library of Congress classification  |i unmediated -- volume  |k no.61:Services  |l 1993  |m A14816768883 
952 f f |p ric  |a Texas A&M University  |b Rellis Campus  |c Joint Library Facility  |d Remote Storage  |t 0  |e TK6540 .T453  |h Library of Congress classification  |i unmediated -- volume  |k no.80:v.2:Cable  |l 2012  |m A14841351653 
952 f f |p ric  |a Texas A&M University  |b Rellis Campus  |c Joint Library Facility  |d Remote Storage  |t 0  |e TK6540 .T453  |h Library of Congress classification  |i unmediated -- volume  |k no.71:v.2:Stations  |l 2003  |m A14830331674 
952 f f |p ric  |a Texas A&M University  |b Rellis Campus  |c Joint Library Facility  |d Remote Storage  |t 0  |e TK6540 .T453  |h Library of Congress classification  |i unmediated -- volume  |k no.71:v.1:Cable  |l 2003  |m A14830331551 
952 f f |p ric  |a Texas A&M University  |b Rellis Campus  |c Joint Library Facility  |d Remote Storage  |t 0  |e TK6540 .T453  |h Library of Congress classification  |i unmediated -- volume  |k no.76:v.2:Stations  |l 2008  |m A14834027023 
952 f f |p ric  |a Texas A&M University  |b Rellis Campus  |c Joint Library Facility  |d Remote Storage  |t 0  |e TK6540 .T453  |h Library of Congress classification  |i unmediated -- volume  |k no.56:Stations  |l 1988  |m A14812553634 
952 f f |p ric  |a Texas A&M University  |b Rellis Campus  |c Joint Library Facility  |d Remote Storage  |t 0  |e TK6540 .T453  |h Library of Congress classification  |i unmediated -- volume  |k no.62:Services  |l 1994  |m A14818048831 
952 f f |p ric  |a Texas A&M University  |b Rellis Campus  |c Joint Library Facility  |d Remote Storage  |t 0  |e TK6540 .T453  |h Library of Congress classification  |i unmediated -- volume  |k no.81:v.1:Stations  |l 2013  |m A14841664399 
952 f f |p ric  |a Texas A&M University  |b Rellis Campus  |c Joint Library Facility  |d Remote Storage  |t 0  |e TK6540 .T453  |h Library of Congress classification  |i unmediated -- volume  |k no.70:v.1:Stations  |l 2002  |m A14828629053 
952 f f |p ric  |a Texas A&M University  |b Rellis Campus  |c Joint Library Facility  |d Remote Storage  |t 0  |e TK6540 .T453  |h Library of Congress classification  |i unmediated -- volume  |k no.84:cable v.1  |l 2016  |m A14842277858 
952 f f |p ric  |a Texas A&M University  |b Rellis Campus  |c Joint Library Facility  |d Remote Storage  |t 0  |e TK6540 .T453  |h Library of Congress classification  |i unmediated -- volume  |k no.68:Station:v.2  |l 2000  |m A14826051872 
952 f f |p ric  |a Texas A&M University  |b Rellis Campus  |c Joint Library Facility  |d Remote Storage  |t 0  |e TK6540 .T453  |h Library of Congress classification  |i unmediated -- volume  |k no.58:Services  |l 1990  |m A14812284277 
952 f f |p ric  |a Texas A&M University  |b Rellis Campus  |c Joint Library Facility  |d Remote Storage  |t 0  |e TK6540 .T453  |h Library of Congress classification  |i unmediated -- volume  |k no.81:v.2:Stations  |l 2013  |m A14841664404 
952 f f |p ric  |a Texas A&M University  |b Rellis Campus  |c Joint Library Facility  |d Remote Storage  |t 0  |e TK6540 .T453  |h Library of Congress classification  |i unmediated -- volume  |k no.68:Station:v.1  |l 2000  |m A14826051830 
952 f f |p ric  |a Texas A&M University  |b Rellis Campus  |c Joint Library Facility  |d Remote Storage  |t 0  |e TK6540 .T453  |h Library of Congress classification  |i unmediated -- volume  |k no.70:v.2:Cable  |l 2002  |m A14828629605 
952 f f |p ric  |a Texas A&M University  |b Rellis Campus  |c Joint Library Facility  |d Remote Storage  |t 0  |e TK6540 .T453  |h Library of Congress classification  |i unmediated -- volume  |k no.72:v.2:Cable  |l 2004  |m A14831863056 
952 f f |p ric  |a Texas A&M University  |b Rellis Campus  |c Joint Library Facility  |d Remote Storage  |t 0  |e TK6540 .T453  |h Library of Congress classification  |i unmediated -- volume  |k Suppl.  |l 2011  |m A14828198434 
952 f f |p ric  |a Texas A&M University  |b Rellis Campus  |c Joint Library Facility  |d Remote Storage  |t 0  |e TK6540 .T453  |h Library of Congress classification  |i unmediated -- volume  |k no.85:Stations v.2  |l 2017  |m A14850061038 
952 f f |p ric  |a Texas A&M University  |b Rellis Campus  |c Joint Library Facility  |d Remote Storage  |t 0  |e TK6540 .T453  |h Library of Congress classification  |i unmediated -- volume  |k no.76:v.1:Stations  |l 2008  |m A14834026988 
952 f f |p ric  |a Texas A&M University  |b Rellis Campus  |c Joint Library Facility  |d Remote Storage  |t 0  |e TK6540 .T453  |h Library of Congress classification  |i unmediated -- volume  |k no.86:v.2:Stations  |l 2018  |m A14850217762 
952 f f |p ric  |a Texas A&M University  |b Rellis Campus  |c Joint Library Facility  |d Remote Storage  |t 0  |e TK6540 .T453  |h Library of Congress classification  |i unmediated -- volume  |k no.68:v.1  |l 2000  |m A14826051678 
952 f f |p ric  |a Texas A&M University  |b Rellis Campus  |c Joint Library Facility  |d Remote Storage  |t 0  |e TK6540 .T453  |h Library of Congress classification  |i unmediated -- volume  |k no.84:station v.1  |l 2016  |m A14842277874 
952 f f |p ric  |a Texas A&M University  |b Rellis Campus  |c Joint Library Facility  |d Remote Storage  |t 0  |e TK6540 .T453  |h Library of Congress classification  |i unmediated -- volume  |k no.63:Services  |l 1995  |m A14818702443 
952 f f |p ric  |a Texas A&M University  |b Rellis Campus  |c Joint Library Facility  |d Remote Storage  |t 0  |e TK6540 .T453  |h Library of Congress classification  |i unmediated -- volume  |k no.73:v.2:Stations  |l 2005  |m A14831422606 
952 f f |p ric  |a Texas A&M University  |b Rellis Campus  |c Joint Library Facility  |d Remote Storage  |t 0  |e TK6540 .T453  |h Library of Congress classification  |i unmediated -- volume  |k no.56:Cable and Services  |l 1988  |m A14811315033 
952 f f |p ric  |a Texas A&M University  |b Rellis Campus  |c Joint Library Facility  |d Remote Storage  |t 0  |e TK6540 .T453  |h Library of Congress classification  |i unmediated -- volume  |k no.79:v.2:Stations  |l 2011  |m A14839456293 
952 f f |p ric  |a Texas A&M University  |b Rellis Campus  |c Joint Library Facility  |d Remote Storage  |t 0  |e TK6540 .T453  |h Library of Congress classification  |i unmediated -- volume  |k no.72:v.2:Stations  |l 2004  |m A14831863137 
952 f f |p ric  |a Texas A&M University  |b Rellis Campus  |c Joint Library Facility  |d Remote Storage  |t 0  |e TK6540 .T453  |h Library of Congress classification  |i unmediated -- volume  |k no.53:Cable & Services  |l 1985  |m A14808406037 
952 f f |p ric  |a Texas A&M University  |b Rellis Campus  |c Joint Library Facility  |d Remote Storage  |t 0  |e TK6540 .T453  |h Library of Congress classification  |i unmediated -- volume  |k no.69:v.2:Cable  |l 2001  |m A14827209119 
952 f f |p ric  |a Texas A&M University  |b Rellis Campus  |c Joint Library Facility  |d Remote Storage  |t 0  |e TK6540 .T453  |h Library of Congress classification  |i unmediated -- volume  |k no.83:Stations Volume 2  |l 2015  |m A14842609969 
952 f f |p ric  |a Texas A&M University  |b Rellis Campus  |c Joint Library Facility  |d Remote Storage  |t 0  |e TK6540 .T453  |h Library of Congress classification  |i unmediated -- volume  |k no.67:Cable  |l 1999  |m A14824050430 
952 f f |p ric  |a Texas A&M University  |b Rellis Campus  |c Joint Library Facility  |d Remote Storage  |t 0  |e TK6540 .T453  |h Library of Congress classification  |i unmediated -- volume  |k no.69:v.1:Stations  |l 2001  |m A14827209193 
952 f f |p ric  |a Texas A&M University  |b Rellis Campus  |c Joint Library Facility  |d Remote Storage  |t 0  |e TK6540 .T453  |h Library of Congress classification  |i unmediated -- volume  |k no.59:pt.1:Cable  |l 1991  |m A14813715695 
952 f f |p ric  |a Texas A&M University  |b Rellis Campus  |c Joint Library Facility  |d Remote Storage  |t 0  |e TK6540 .T453  |h Library of Congress classification  |i unmediated -- volume  |k Suppl.  |l 2005  |m A14830857719 
952 f f |p ric  |a Texas A&M University  |b Rellis Campus  |c Joint Library Facility  |d Remote Storage  |t 0  |e TK6540 .T453  |h Library of Congress classification  |i unmediated -- volume  |k no.64:Stations  |l 1996  |m A14819805325 
952 f f |p ric  |a Texas A&M University  |b Rellis Campus  |c Joint Library Facility  |d Remote Storage  |t 0  |e TK6540 .T453  |h Library of Congress classification  |i unmediated -- volume  |k no.78:v.1:Stations  |l 2010  |m A14837491776 
952 f f |p ric  |a Texas A&M University  |b Rellis Campus  |c Joint Library Facility  |d Remote Storage  |t 0  |e TK6540 .T453  |h Library of Congress classification  |i unmediated -- volume  |k no.68:v.2  |l 2000  |m A14826051717 
952 f f |p ric  |a Texas A&M University  |b Rellis Campus  |c Joint Library Facility  |d Remote Storage  |t 0  |e TK6540 .T453  |h Library of Congress classification  |i unmediated -- volume  |k no.69:Services  |l 2001  |m A14827209151 
952 f f |p ric  |a Texas A&M University  |b Rellis Campus  |c Joint Library Facility  |d Remote Storage  |t 0  |e TK6540 .T453  |h Library of Congress classification  |i unmediated -- volume  |k no.65:Services  |l 1997  |m A14820347233 
952 f f |p ric  |a Texas A&M University  |b Rellis Campus  |c Joint Library Facility  |d Remote Storage  |t 0  |e TK6540 .T453  |h Library of Congress classification  |i unmediated -- volume  |k no.83:Cable Volume 2  |l 2015  |m A14842609720 
952 f f |p ric  |a Texas A&M University  |b Rellis Campus  |c Joint Library Facility  |d Remote Storage  |t 0  |e TK6540 .T453  |h Library of Congress classification  |i unmediated -- volume  |k no.82:v.1:Stations  |l 2014  |m A14842272875 
952 f f |p ric  |a Texas A&M University  |b Rellis Campus  |c Joint Library Facility  |d Remote Storage  |t 0  |e TK6540 .T453  |h Library of Congress classification  |i unmediated -- volume  |k no.52:Services  |l 1984  |m A14808081049 
952 f f |p ric  |a Texas A&M University  |b Rellis Campus  |c Joint Library Facility  |d Remote Storage  |t 0  |e TK6540 .T453  |h Library of Congress classification  |i unmediated -- volume  |k no.64:Cable  |l 1996  |m A14819805228 
952 f f |p ric  |a Texas A&M University  |b Rellis Campus  |c Joint Library Facility  |d Remote Storage  |t 0  |e TK6540 .T453  |h Library of Congress classification  |i unmediated -- volume  |k no.63:Cable  |l 1995  |m A14818702493 
952 f f |p ric  |a Texas A&M University  |b Rellis Campus  |c Joint Library Facility  |d Remote Storage  |t 0  |e TK6540 .T453  |h Library of Congress classification  |i unmediated -- volume  |k no.65:Cable  |l 1997  |m A14820347186 
952 f f |p ric  |a Texas A&M University  |b Rellis Campus  |c Joint Library Facility  |d Remote Storage  |t 0  |e TK6540 .T453  |h Library of Congress classification  |i unmediated -- volume  |k no.60:pt.2:Services  |l 1992  |m A14815554809 
952 f f |p ric  |a Texas A&M University  |b Rellis Campus  |c Joint Library Facility  |d Remote Storage  |t 0  |e TK6540 .T453  |h Library of Congress classification  |i unmediated -- volume  |k no.75:v.2:Cable  |l 2007  |m A14833995825 
952 f f |p ric  |a Texas A&M University  |b Rellis Campus  |c Joint Library Facility  |d Remote Storage  |t 0  |e TK6540 .T453  |h Library of Congress classification  |i unmediated -- volume  |k no.72:v.1:Cable  |l 2004  |m A14831863014 
952 f f |p ric  |a Texas A&M University  |b Rellis Campus  |c Joint Library Facility  |d Remote Storage  |t 0  |e TK6540 .T453  |h Library of Congress classification  |i unmediated -- volume  |k no.74:v.1:Cable  |l 2006  |m A14833410419 
952 f f |p ric  |a Texas A&M University  |b Rellis Campus  |c Joint Library Facility  |d Remote Storage  |t 0  |e TK6540 .T453  |h Library of Congress classification  |i unmediated -- volume  |k Suppl.  |l 2017  |m A14829259796 
952 f f |p ric  |a Texas A&M University  |b Rellis Campus  |c Joint Library Facility  |d Remote Storage  |t 0  |e TK6540 .T453  |h Library of Congress classification  |i unmediated -- volume  |k no.62:Cable  |l 1994  |m A14818048784 
952 f f |p ric  |a Texas A&M University  |b Rellis Campus  |c Joint Library Facility  |d Remote Storage  |t 0  |e TK6540 .T453  |h Library of Congress classification  |i unmediated -- volume  |k no.71:v.2:Cable  |l 2003  |m A14830331593 
952 f f |p ric  |a Texas A&M University  |b Rellis Campus  |c Joint Library Facility  |d Remote Storage  |t 0  |e TK6540 .T453  |h Library of Congress classification  |i unmediated -- volume  |k no.51:Services  |l 1982/1983  |m A14807443939 
952 f f |p ric  |a Texas A&M University  |b Rellis Campus  |c Joint Library Facility  |d Remote Storage  |t 0  |e TK6540 .T453  |h Library of Congress classification  |i unmediated -- volume  |k no.84:station v.2  |l 2016  |m A14842277882 
952 f f |p ric  |a Texas A&M University  |b Rellis Campus  |c Joint Library Facility  |d Remote Storage  |t 0  |e TK6540 .T453  |h Library of Congress classification  |i unmediated -- volume  |k no.57:Stations  |l 1989  |m A14812325633 
952 f f |p ric  |a Texas A&M University  |b Rellis Campus  |c Joint Library Facility  |d Remote Storage  |t 0  |e TK6540 .T453  |h Library of Congress classification  |i unmediated -- volume  |k no.78:v.2:Stations  |l 2010  |m A14837491784 
952 f f |p ric  |a Texas A&M University  |b Rellis Campus  |c Joint Library Facility  |d Remote Storage  |t 0  |e TK6540 .T453  |h Library of Congress classification  |i unmediated -- volume  |k no.74:v.2:Stations  |l 2006  |m A14833410532 
952 f f |p ric  |a Texas A&M University  |b Rellis Campus  |c Joint Library Facility  |d Remote Storage  |t 0  |e TK6540 .T453  |h Library of Congress classification  |i unmediated -- volume  |k no.79:v.1:Cable  |l 2011  |m A14839456269 
952 f f |p ric  |a Texas A&M University  |b Rellis Campus  |c Joint Library Facility  |d Remote Storage  |t 0  |e TK6540 .T453  |h Library of Congress classification  |i unmediated -- volume  |k no.58:Stations  |l 1990  |m A14812302172 
952 f f |p ric  |a Texas A&M University  |b Rellis Campus  |c Joint Library Facility  |d Remote Storage  |t 0  |e TK6540 .T453  |h Library of Congress classification  |i unmediated -- volume  |k no.84:cable v. 2  |l 2016  |m A14842277866 
952 f f |p ric  |a Texas A&M University  |b Rellis Campus  |c Joint Library Facility  |d Remote Storage  |t 0  |e TK6540 .T453  |h Library of Congress classification  |i unmediated -- volume  |k no.82:v.2:Stations  |l 2014  |m A14842272990 
952 f f |p ric  |a Texas A&M University  |b Rellis Campus  |c Joint Library Facility  |d Remote Storage  |t 0  |e TK6540 .T453  |h Library of Congress classification  |i unmediated -- volume  |k Suppl.  |l 2010  |m A14835180662 
952 f f |p ric  |a Texas A&M University  |b Rellis Campus  |c Joint Library Facility  |d Remote Storage  |t 0  |e TK6540 .T453  |h Library of Congress classification  |i unmediated -- volume  |k no.73:v.1:Stations  |l 2005  |m A14831422567 
952 f f |p ric  |a Texas A&M University  |b Rellis Campus  |c Joint Library Facility  |d Remote Storage  |t 0  |e TK6540 .T453  |h Library of Congress classification  |i unmediated -- volume  |k no.77:v.2:Cable  |l 2009  |m A14837467434 
952 f f |p ric  |a Texas A&M University  |b Rellis Campus  |c Joint Library Facility  |d Remote Storage  |t 0  |e TK6540 .T453  |h Library of Congress classification  |i unmediated -- volume  |k no.66:Cable  |l 1998  |m A14822456305 
952 f f |p ric  |a Texas A&M University  |b Rellis Campus  |c Joint Library Facility  |d Remote Storage  |t 0  |e TK6540 .T453  |h Library of Congress classification  |i unmediated -- volume  |k no.78:v.1:Cable  |l 2010  |m A14837491750 
952 f f |p ric  |a Texas A&M University  |b Rellis Campus  |c Joint Library Facility  |d Remote Storage  |t 0  |e TK6540 .T453  |h Library of Congress classification  |i unmediated -- volume  |k Suppl.  |l 2004  |m A14830857735 
952 f f |p ric  |a Texas A&M University  |b Rellis Campus  |c Joint Library Facility  |d Remote Storage  |t 0  |e TK6540 .T453  |h Library of Congress classification  |i unmediated -- volume  |k no.75:v.2:Stations  |l 2007  |m A14833995867 
952 f f |p ric  |a Texas A&M University  |b Rellis Campus  |c Joint Library Facility  |d Remote Storage  |t 0  |e TK6540 .T453  |h Library of Congress classification  |i unmediated -- volume  |k v.71:v.1:Stations  |l 2003  |m A14830331632 
952 f f |p ric  |a Texas A&M University  |b Rellis Campus  |c Joint Library Facility  |d Remote Storage  |t 0  |e TK6540 .T453  |h Library of Congress classification  |i unmediated -- volume  |k no.68:services vol.  |l 2000  |m A14826051759 
952 f f |p ric  |a Texas A&M University  |b Rellis Campus  |c Joint Library Facility  |d Remote Storage  |t 0  |e TK6540 .T453  |h Library of Congress classification  |i unmediated -- volume  |k no.77:v.1:Stations  |l 2009  |m A14837467476 
952 f f |p ric  |a Texas A&M University  |b Rellis Campus  |c Joint Library Facility  |d Remote Storage  |t 0  |e TK6540 .T453  |h Library of Congress classification  |i unmediated -- volume  |k Suppl.  |l 2008  |m A14826986598 
952 f f |p ric  |a Texas A&M University  |b Rellis Campus  |c Joint Library Facility  |d Remote Storage  |t 0  |e TK6540 .T453  |h Library of Congress classification  |i unmediated -- volume  |k no.86:v.1:Cable  |l 2018  |m A14850217739 
952 f f |p ric  |a Texas A&M University  |b Rellis Campus  |c Joint Library Facility  |d Remote Storage  |t 0  |e TK6540 .T453  |h Library of Congress classification  |i unmediated -- volume  |k no.77:v.1:Cable  |l 2009  |m A14837467395 
952 f f |p ric  |a Texas A&M University  |b Rellis Campus  |c Joint Library Facility  |d Remote Storage  |t 0  |e TK6540 .T453  |h Library of Congress classification  |i unmediated -- volume  |k no.74:v.2:Cable  |l 2006  |m A14833410451 
952 f f |p ric  |a Texas A&M University  |b Rellis Campus  |c Joint Library Facility  |d Remote Storage  |t 0  |e TK6540 .T453  |h Library of Congress classification  |i unmediated -- volume  |k no.72:v.1:Stations  |l 2004  |m A14831863098 
952 f f |p ric  |a Texas A&M University  |b Rellis Campus  |c Joint Library Facility  |d Remote Storage  |t 0  |e TK6540 .T453  |h Library of Congress classification  |i unmediated -- volume  |k no.66:Stations  |l 1998  |m A14822456402 
952 f f |p ric  |a Texas A&M University  |b Rellis Campus  |c Joint Library Facility  |d Remote Storage  |t 0  |e TK6540 .T453  |h Library of Congress classification  |i unmediated -- volume  |k no.85:Cable v.2  |l 2017  |m A14850061004 
952 f f |p ric  |a Texas A&M University  |b Rellis Campus  |c Joint Library Facility  |d Remote Storage  |t 0  |e TK6540 .T453  |h Library of Congress classification  |i unmediated -- volume  |k no.62:Stations  |l 1994  |m A14818048881 
952 f f |p ric  |a Texas A&M University  |b Rellis Campus  |c Joint Library Facility  |d Remote Storage  |t 0  |e TK6540 .T453  |h Library of Congress classification  |i unmediated -- volume  |k no. 83:Stations Volume 1  |l 2015  |m A14842609845 
952 f f |p ric  |a Texas A&M University  |b Rellis Campus  |c Joint Library Facility  |d Remote Storage  |t 0  |e TK6540 .T453  |h Library of Congress classification  |i unmediated -- volume  |k Suppl.  |l 2009  |m A14835179213 
952 f f |p ric  |a Texas A&M University  |b Rellis Campus  |c Joint Library Facility  |d Remote Storage  |t 0  |e TK6540 .T453  |h Library of Congress classification  |i unmediated -- volume  |k no.83:Cable Volume 1  |l 2015  |m A14842609605 
952 f f |p ric  |a Texas A&M University  |b Rellis Campus  |c Joint Library Facility  |d Remote Storage  |t 0  |e TK6540 .T453  |h Library of Congress classification  |i unmediated -- volume  |k no.61:Cable  |l 1993  |m A14816768786 
952 f f |p ric  |a Texas A&M University  |b Rellis Campus  |c Joint Library Facility  |d Remote Storage  |t 0  |e TK6540 .T453  |h Library of Congress classification  |i unmediated -- volume  |k no.65:Stations  |l 1997  |m A14820347283 
952 f f |p ric  |a Texas A&M University  |b Rellis Campus  |c Joint Library Facility  |d Remote Storage  |t 0  |e TK6540 .T453  |h Library of Congress classification  |i unmediated -- volume  |k no.59:pt.2:Services  |l 1991  |m A14813715645 
952 f f |p ric  |a Texas A&M University  |b Rellis Campus  |c Joint Library Facility  |d Remote Storage  |t 0  |e TK6540 .T453  |h Library of Congress classification  |i unmediated -- volume  |k no.55:Stations  |l 1987  |m A14809842422 
952 f f |p ric  |a Texas A&M University  |b Rellis Campus  |c Joint Library Facility  |d Remote Storage  |t 0  |e TK6540 .T453  |h Library of Congress classification  |i unmediated -- volume  |k no.70:v.2:Stations  |l 2002  |m A14828629647 
952 f f |p ric  |a Texas A&M University  |b Rellis Campus  |c Joint Library Facility  |d Remote Storage  |t 0  |e TK6540 .T453  |h Library of Congress classification  |i unmediated -- volume  |k no.79:v.1:Stations  |l 2011  |m A14839456285 
952 f f |p ric  |a Texas A&M University  |b Rellis Campus  |c Joint Library Facility  |d Remote Storage  |t 0  |e TK6540 .T453  |h Library of Congress classification  |i unmediated -- volume  |k no.78:v.2:Cable  |l 2010  |m A14837491768 
952 f f |p ric  |a Texas A&M University  |b Rellis Campus  |c Joint Library Facility  |d Remote Storage  |t 0  |e TK6540 .T453  |h Library of Congress classification  |i unmediated -- volume  |k 2003:Suppl.  |m A14830331755 
952 f f |p ric  |a Texas A&M University  |b Rellis Campus  |c Joint Library Facility  |d Remote Storage  |t 0  |e TK6540 .T453  |h Library of Congress classification  |i unmediated -- volume  |k no.73:v.2:Cable  |l 2005  |m A14831422525 
952 f f |p ric  |a Texas A&M University  |b Rellis Campus  |c Joint Library Facility  |d Remote Storage  |t 0  |e TK6540 .T453  |h Library of Congress classification  |i unmediated -- volume  |l 2001:Suppl.  |m A14827209525 
952 f f |p ric  |a Texas A&M University  |b Rellis Campus  |c Joint Library Facility  |d Remote Storage  |t 0  |e TK6540 .T453  |h Library of Congress classification  |i unmediated -- volume  |k no.80:v.2:Stations  |l 2012  |m A14841354114 
952 f f |p ric  |a Texas A&M University  |b Rellis Campus  |c Joint Library Facility  |d Remote Storage  |t 0  |e TK6540 .T453  |h Library of Congress classification  |i unmediated -- volume  |k no.86:v.1:Stations  |l 2018  |m A14850217754 
952 f f |p ric  |a Texas A&M University  |b Rellis Campus  |c Joint Library Facility  |d Remote Storage  |t 0  |e TK6540 .T453  |h Library of Congress classification  |i unmediated -- volume  |k no.60:pt.1:Cable  |l 1992  |m A14815554752 
952 f f |p ric  |a Texas A&M University  |b Rellis Campus  |c Joint Library Facility  |d Remote Storage  |t 0  |e TK6540 .T453  |h Library of Congress classification  |i unmediated -- volume  |k no.74:v.1:Stations  |l 2006  |m A14833410493 
952 f f |p ric  |a Texas A&M University  |b Rellis Campus  |c Joint Library Facility  |d Remote Storage  |t 0  |e TK6540 .T453  |h Library of Congress classification  |i unmediated -- volume  |k no.59:Stations  |l 1991  |m A14813466911 
952 f f |p ric  |a Texas A&M University  |b Rellis Campus  |c Joint Library Facility  |d Remote Storage  |t 0  |e TK6540 .T453  |h Library of Congress classification  |i unmediated -- volume  |k Suppl.  |l 2014  |m A14834603594 
952 f f |p ric  |a Texas A&M University  |b Rellis Campus  |c Joint Library Facility  |d Remote Storage  |t 0  |e TK6540 .T453  |h Library of Congress classification  |i unmediated -- volume  |k no.80:v.1:Cable  |l 2012  |m A14841351645 
952 f f |p ric  |a Texas A&M University  |b Rellis Campus  |c Joint Library Facility  |d Remote Storage  |t 0  |e TK6540 .T453  |h Library of Congress classification  |i unmediated -- volume  |k Suppl.  |l 2007  |m A14835161642 
952 f f |p ric  |a Texas A&M University  |b Rellis Campus  |c Joint Library Facility  |d Remote Storage  |t 0  |e TK6540 .T453  |h Library of Congress classification  |i unmediated -- volume  |k no.67:Stations  |l 1999  |m A14824050537 
952 f f |p ric  |a Texas A&M University  |b Rellis Campus  |c Joint Library Facility  |d Remote Storage  |t 0  |e TK6540 .T453  |h Library of Congress classification  |i unmediated -- volume  |k no.76:v.2:Cable  |l 2008  |m A14834026946 
952 f f |p ric  |a Texas A&M University  |b Rellis Campus  |c Joint Library Facility  |d Remote Storage  |t 0  |e TK6540 .T453  |h Library of Congress classification  |i unmediated -- volume  |k no.66:services  |l 1998  |m A14822456355 
952 f f |p ric  |a Texas A&M University  |b Rellis Campus  |c Joint Library Facility  |d Remote Storage  |t 0  |e TK6540 .T453  |h Library of Congress classification  |i unmediated -- volume  |k no.79:v.2:Cable  |l 2011  |m A14839456277 
952 f f |p ric  |a Texas A&M University  |b Rellis Campus  |c Joint Library Facility  |d Remote Storage  |t 0  |e TK6540 .T453  |h Library of Congress classification  |i unmediated -- volume  |k no.82:v.1:Cable  |l 2014  |m A14842272636 
952 f f |p ric  |a Texas A&M University  |b Rellis Campus  |c Joint Library Facility  |d Remote Storage  |t 0  |e TK6540 .T453  |h Library of Congress classification  |i unmediated -- volume  |k no.60:Stations  |l 1992  |m A14815554859 
952 f f |p ric  |a Texas A&M University  |b Rellis Campus  |c Joint Library Facility  |d Remote Storage  |t 0  |e TK6540 .T453  |h Library of Congress classification  |i unmediated -- volume  |k no.63:Stations  |l 1995  |m A14818702396 
952 f f |p ric  |a Texas A&M University  |b Rellis Campus  |c Joint Library Facility  |d Remote Storage  |t 0  |e TK6540 .T453  |h Library of Congress classification  |i unmediated -- volume  |k no.51:Stations  |l 1982/1983  |m A14806021904 
952 f f |p ric  |a Texas A&M University  |b Rellis Campus  |c Joint Library Facility  |d Remote Storage  |t 0  |e TK6540 .T453  |h Library of Congress classification  |i unmediated -- volume  |k no.80:v.1:Stations  |l 2012  |m A14841351661 
952 f f |p ric  |a Texas A&M University  |b Rellis Campus  |c Joint Library Facility  |d Remote Storage  |t 0  |e TK6540 .T453  |h Library of Congress classification  |i unmediated -- volume  |k no.81:v.2:Cable  |l 2013  |m A14841664381 
952 f f |p ric  |a Texas A&M University  |b Rellis Campus  |c Joint Library Facility  |d Remote Storage  |t 0  |e TK6540 .T453  |h Library of Congress classification  |i unmediated -- volume  |k no.77: v.2:Stations  |l 2009  |m A14837467515 
952 f f |p ric  |a Texas A&M University  |b Rellis Campus  |c Joint Library Facility  |d Remote Storage  |t 0  |e TK6540 .T453  |h Library of Congress classification  |i unmediated -- volume  |k no.52:Stations  |l 1984  |m A14807851718 
952 f f |p ric  |a Texas A&M University  |b Rellis Campus  |c Joint Library Facility  |d Remote Storage  |t 0  |e TK6540 .T453  |h Library of Congress classification  |i unmediated -- volume  |k no.70:v.1:Cable  |l 2002  |m A14828629566 
952 f f |p ric  |a Texas A&M University  |b Rellis Campus  |c Joint Library Facility  |d Remote Storage  |t 0  |e TK6540 .T453  |h Library of Congress classification  |i unmediated -- volume  |k no.85:Stations v.1  |l 2017  |m A14850061012 
952 f f |p ric  |a Texas A&M University  |b Rellis Campus  |c Joint Library Facility  |d Remote Storage  |t 0  |e TK6540 .T453  |h Library of Congress classification  |i unmediated -- volume  |k no.69:v.2:Stations  |l 2001  |m A14827209232 
952 f f |p ric  |a Texas A&M University  |b Rellis Campus  |c Joint Library Facility  |d Remote Storage  |t 0  |e TK6540 .T453  |h Library of Congress classification  |i unmediated -- volume  |k Suppl.  |l 2016  |m A14850404014 
952 f f |p ric  |a Texas A&M University  |b Rellis Campus  |c Joint Library Facility  |d Remote Storage  |t 0  |e TK6540 .T453  |h Library of Congress classification  |i unmediated -- volume  |k no.73:v.1:Cable  |l 2005  |m A14831422486 
952 f f |p ric  |a Texas A&M University  |b Rellis Campus  |c Joint Library Facility  |d Remote Storage  |t 0  |e TK6540 .T453  |h Library of Congress classification  |i unmediated -- volume  |k no.67:Services  |l 1999  |m A14824050480 
952 f f |p ric  |a Texas A&M University  |b Rellis Campus  |c Joint Library Facility  |d Remote Storage  |t 0  |e TK6540 .T453  |h Library of Congress classification  |i unmediated -- volume  |k Suppl.  |l 2006  |m A14832535965 
952 f f |p ric  |a Texas A&M University  |b Rellis Campus  |c Joint Library Facility  |d Remote Storage  |t 0  |e TK6540 .T453  |h Library of Congress classification  |i unmediated -- volume  |k no.82:v.2:Cable  |l 2014  |m A14842272750 
952 f f |p ric  |a Texas A&M University  |b Rellis Campus  |c Joint Library Facility  |d Remote Storage  |t 0  |e TK6540 .T453  |h Library of Congress classification  |i unmediated -- volume  |k Suppl.  |l 2013  |m A14836472591 
952 f f |p ric  |a Texas A&M University  |b Rellis Campus  |c Joint Library Facility  |d Remote Storage  |t 0  |e TK6540 .T453  |h Library of Congress classification  |i unmediated -- volume  |k no.58:Cable  |l 1990  |m A14812284227 
952 f f |p ric  |a Texas A&M University  |b Rellis Campus  |c Joint Library Facility  |d Remote Storage  |t 0  |e TK6540 .T453  |h Library of Congress classification  |i unmediated -- volume  |k no.85:Cable v.1  |l 2017  |m A14850060998 
952 f f |p ric  |a Texas A&M University  |b Rellis Campus  |c Joint Library Facility  |d Remote Storage  |t 0  |e TK6540 .T453  |h Library of Congress classification  |i unmediated -- volume  |k no.75:v.1:Stations  |l 2007  |m A14835161600 
952 f f |p ric  |a Texas A&M University  |b Rellis Campus  |c Joint Library Facility  |d Remote Storage  |t 0  |e TK6540 .T453  |h Library of Congress classification  |i unmediated -- volume  |k no.86:v.2:Cable  |l 2018  |m A14850217747 
952 f f |p ric  |a Texas A&M University  |b Rellis Campus  |c Joint Library Facility  |d Remote Storage  |t 0  |e TK6540 .T453  |h Library of Congress classification  |i unmediated -- volume  |k Suppl  |l 2012  |m A14831811156 
952 f f |p ric  |a Texas A&M University  |b Rellis Campus  |c Joint Library Facility  |d Remote Storage  |t 0  |e TK6540 .T453  |h Library of Congress classification  |i unmediated -- volume  |k no.75:v.1:Cable  |l 2007  |m A14833995786 
952 f f |p ric  |a Texas A&M University  |b Rellis Campus  |c Joint Library Facility  |d Remote Storage  |t 0  |e TK6540 .T453  |h Library of Congress classification  |i unmediated -- volume  |k Suppl.  |l 2018  |m A14852591420 
952 f f |p ric  |a Texas A&M University  |b Rellis Campus  |c Joint Library Facility  |d Remote Storage  |t 0  |e TK6540 .T453  |h Library of Congress classification  |i unmediated -- volume  |k no.55:Cable & Services  |l 1987  |m A14810123873 
952 f f |p ric  |a Texas A&M University  |b Rellis Campus  |c Joint Library Facility  |d Remote Storage  |t 0  |e TK6540 .T453  |h Library of Congress classification  |i unmediated -- volume  |k no.81:v.1: Cable  |l 2013  |m A14841664373 
952 f f |p ric  |a Texas A&M University  |b Rellis Campus  |c Joint Library Facility  |d Remote Storage  |t 0  |e TK6540 .T453  |h Library of Congress classification  |i unmediated -- volume  |k no.57:Services  |l 1989  |m A14812325683 
952 f f |p ric  |a Texas A&M University  |b Rellis Campus  |c Joint Library Facility  |d Remote Storage  |t 0  |e TK6540 .T453  |h Library of Congress classification  |i unmediated -- volume  |k no.53:Stations  |l 1985  |m A14808406029 
952 f f |p ric  |a Texas A&M University  |b Rellis Campus  |c Joint Library Facility  |d Remote Storage  |t 0  |e TK6540 .T453  |h Library of Congress classification  |i unmediated -- volume  |k no.76:v.1:Cable  |l 2008  |m A14834026904 
952 f f |p ric  |a Texas A&M University  |b Rellis Campus  |c Joint Library Facility  |d Remote Storage  |t 0  |e TK6540 .T453  |h Library of Congress classification  |i unmediated -- volume  |k no.58:Suppl.  |l 1990  |m A14811279601 
952 f f |p ric  |a Texas A&M University  |b Rellis Campus  |c Joint Library Facility  |d Remote Storage  |t 0  |e TK6540 .T453  |h Library of Congress classification  |i unmediated -- volume  |k Suppl.  |l 2015  |m A14835086711 
998 f f |a TK6540 .T453  |s no.51-86 (1982/1983-2018)  |t 0  |l Remote Storage